Statistics for Geography Series #8

Click here to take the quiz!

General Stats

  • This quiz has been taken 45 times
  • The average score is 13 of 15

Answer Stats

Former USSR States% Correct
Georgia
98%
Belarus
93%
Ukraine
93%
Azerbaijan
91%
Estonia
91%
Turkmenistan
91%
Kazakhstan
88%
Latvia
88%
Lithuania
88%
Uzbekistan
86%
Armenia
84%
Kyrgyzstan
81%
Tajikistan
81%
Moldova
74%
Russia
70%

Score Distribution

Percentile by Number Answered

Percent of People with Each Score

Your Score History

You have not taken this quiz